Pl3 : prácticas del lenguaje 3 /

Guardado en:
Autor Principal: Setton, Román
Otros Autores: Gelormini, Nicolás, González, María Inés, Iribarren, Varónica, Melgar, Analía, Pígoli, Edgardo, Plager, Federico, Virgós, Fernanda, Williams, Pablo
Formato: Libro
Publicado: Buenos Aires : Tinta Fresca, 2013
Materias:
Etiquetas: Agregar Etiqueta
Sin Etiquetas, Sea el primero en etiquetar este registro!
LEADER 01104nam a22003015a 4500
001 CEM.cems013835
008 130507s2013##################000#0#####d
005 20241220112927.0
245 1 0 |a Pl3 :  |b prácticas del lenguaje 3 /  |c Román Settón ... [et Al.] 
260 |a Buenos Aires :  |b Tinta Fresca,  |c 2013 
300 |a 256 p. 
505 0 |a Esto no es una fiesta -- Fantasías verdaderas -- Entre magos y dragones -- Un juego de detectives -- Hacer memoria -- El héroe ante el fracaso -- Arráncame la vida -- Taller de poesía -- La lengua y los textos -- Las palabras y sus cosas 
020 |a 9789875766310 
100 1 |a Setton, Román 
700 1 |a Gelormini, Nicolás 
700 1 |a González, María Inés 
700 1 |a Iribarren, Varónica 
700 1 |a Melgar, Analía 
700 1 |a Pígoli, Edgardo 
700 1 |a Plager, Federico 
700 1 |a Virgós, Fernanda 
700 1 |a Williams, Pablo 
082 0 4 |a 468 
653 |a Literatura 
653 |a Lengua 
653 |a Practicas del lenguaje 
653 |a Texto escolar 
859 |a CEMS  |b BIB. CEMS - 11 de abril  |h 468  |i Ir41  |p 26621.13  |t Ej.1  |v 3  |3 3